Di Bawah Tikaman Garpu / (Record no. 104081)

MARC details
000 -LEADER
fixed length control field 00908nam a2200301 i 4500
001 - CONTROL NUMBER
control field C2-0300170
003 - CONTROL NUMBER IDENTIFIER
control field PPAK
005 - DATE AND TIME OF LATEST TRANSACTION
control field 20230711160230.0
008 - FIXED-LENGTH DATA ELEMENTS--GENERAL INFORMATION
fixed length control field 091029s2007 my a g a 1 f may d
020 ## - INTERNATIONAL STANDARD BOOK NUMBER
International Standard Book Number 9679428278
International Standard Book Number 9789679428278
Qualifying information paperback
040 ## - CATALOGING SOURCE
Original cataloging agency PPAK
Language of cataloging eng
Transcribing agency PPAK
Description conventions rda
082 04 - DEWEY DECIMAL CLASSIFICATION NUMBER
Edition number 23
Classification number 899.2333
090 00 - LOCALLY ASSIGNED LC-TYPE CALL NUMBER (OCLC); LOCAL CALL NUMBER (RLIN)
Classification number (OCLC) (R) ; Classification number, CALL (RLIN) (NR) 899.233
Feature heading SHA
Feature heading G
Classification number (OCLC) (R) ; Classification number, CALL (RLIN) (NR) 899.233
Feature heading SHA
Feature heading R
Classification number (OCLC) (R) ; Classification number, CALL (RLIN) (NR) 899.2333
Feature heading SHA
Feature heading KWS
100 0# - MAIN ENTRY--PERSONAL NAME
Personal name Shaharom Husain,
Relator term author.
Dates associated with a name 1919-2008
245 10 - TITLE STATEMENT
Title Di Bawah Tikaman Garpu /
Statement of responsibility, etc. Shaharom Husain
264 #1 - PRODUCTION, PUBLICATION, DISTRIBUTION, MANUFACTURE, AND COPYRIGHT NOTICE
Place of production, publication, distribution, manufacture Bangi, Selangor :
Name of producer, publisher, distributor, manufacturer Penerbit Universiti Kebangsaan Malaysia,
Date of production, publication, distribution, manufacture, or copyright notice 2007
300 ## - PHYSICAL DESCRIPTION
Extent 146 pages :
Other physical details illustrations ;
Dimensions 22 cm
336 ## - CONTENT TYPE
Source rdacontent
Content type term text
337 ## - MEDIA TYPE
Source rdamedia
Media type term unmediated
338 ## - CARRIER TYPE
Source rdacarrier
Carrier type term volume
500 ## - GENERAL NOTE
General note Includes indexes
650 10 - SUBJECT ADDED ENTRY--TOPICAL TERM
Topical term or geographic name entry element Malay fiction
Topical term or geographic name entry element War stories, Malay
942 ## - ADDED ENTRY ELEMENTS (KOHA)
Koha item type Book
Source of classification or shelving scheme Dewey Decimal Classification
Holdings
Withdrawn Not for loan Current library Shelving location Date acquired Total Checkouts Full call number Barcode Date last seen Koha item type
  Not For Loan Perpustakaan Alor Setar Rujukan Dewasa 05/11/2009   R 899.233 SHA A01334388 09/05/2018 Book
  Not For Loan Perpustakaan Alor Setar Koleksi Wan Shamsudin 12/09/2023   KWS 899.233 SHA KWS000400 12/09/2023 Book
    PD15, Kg. Naga, Kepala Batas Pinjaman Dewasa 08/09/2015   899.233 SHA A00875881 09/05/2018 Book
    PD38, KEDA Tanjung Setol, Pendang Pinjaman Dewasa 24/12/2014   899.233 SHA A00872315 09/05/2018 Book